| 000 | 00735cam a2200229 a 4500 | ||
|---|---|---|---|
| 999 |
_c7566 _d7566 |
||
| 003 | OSt | ||
| 005 | 20200313135046.0 | ||
| 008 | 100813s2010 nyua b 001 0 eng | ||
| 010 | _a 2010934906 | ||
| 020 | _a9781441960368 (alk. paper) | ||
| 020 | _a1441960376 (eISBN) | ||
| 040 |
_aUKM _cUKM _dBTCTA _dYDXCP _dC#P _dBWX _dCDX _dDLC |
||
| 042 | _alccopycat | ||
| 082 | 0 | 4 |
_a307.76 _222 _bMEG |
| 100 | 1 | _aMega, Voula. | |
| 245 | 1 | 0 |
_aSustainable cities for the third millennium : _bthe odyssey of urban excellence / _cVoula P. Mega. |
| 260 |
_aNew York : _bSpringer, _cc2010. |
||
| 300 |
_axxxi, 233 p. : _bill. ; _c25 cm. |
||
| 504 | _aIncludes bibliographical references and index. | ||
| 650 | 0 | _aUrban ecology (Sociology) | |
| 942 | _2ddc | ||